Cartoons by Socks Click III Quiz Stats

 Plays Quiz Updated Sep 3, 2019

Score 0/20 Timer 02:00
15 Plays Today
% Correct
Care Bears
91.1%
TMNT
90.3%
Pokémon
89.2%
Chip 'n' Dale
88.5%
PAW Patrol
85.8%
Pinky and the Brain
85.4%
Bojack Horseman
83.7%
Johnny Bravo
83.5%
Bob's Burgers
82.8%
The Lion Guard
81.6%
% Correct
Animaniacs
77.5%
PJ Masks
75.8%
Danger Mouse
72.9%
Voltron
69.9%
Teen Titans
69.8%
Gumball
69.8%
Astro Boy
69.7%
Invader Zim
66.8%
Dragon Ball Z
62.8%
Transformers
58.8%

You're not logged in!

Compare scores with friends on all Sporcle quizzes.
OR
Log In

Sporcle TV

Today on Sporcle TV


Watch our educational content, quiz creation guides, and fun videos on Sporcle TV.

Show Comments

Extras

Top Quizzes Today


Score Distribution

Your Account Isn't Verified!

In order to create a playlist on Sporcle, you need to verify the email address you used during registration. Go to your Sporcle Settings to finish the process.

Report this User

Report this user for behavior that violates our Community Guidelines.

Details: